[Event "Phillips & Drew GLC Kings"]
[Site "London ENG"]
[Date "1984.04.26"]
[EventDate "1984.04.26"]
[Round "1"]
[Result "1/2-1/2"]
[White "Andersson, Ulf"]
[Black "Karpov, Anatoly"]
[WhiteElo "2630"]
[BlackElo "2700"]
[PlyCount "50"]

1.d4 Nf6 2.c4 e6 3.Nf3 b6 4.g3 Bb7 5.Bg2 Be7 6.O-O O-O 7.Nc3
Ne4 8.Qc2 Nxc3 9.Qxc3 c5 10.Rd1 d6 11.b3 Bf6 12.Bb2 Nd7 13.Rd2
Qc7 14.Rad1 cxd4 15.Nxd4 Bxg2 16.Kxg2 a6 17.Qf3 Rac8 18.Ba3
Rfd8 19.Nc2 Nc5 20.Ne1 Qc6 21.Qxc6 Rxc6 22.Nd3 Kf8 23.g4 Be7
24.f4 Ke8 25.Bxc5 dxc5 1/2-1/2

[Event "Phillips & Drew GLC Kings"]
[Site "London ENG"]
[Date "1984.04.27"]
[EventDate "1984.04.26"]
[Round "2"]
[Result "1/2-1/2"]
[White "Mestel, Andrew Jonathan"]
[Black "Polugaevsky, Lev"]
[WhiteElo "2540"]
[BlackElo "2615"]
[PlyCount "30"]

1. Nf3 Nf6 2. c4 e6 3. g3 d5 4. b3 Be7 5. Bg2 c5 6. O-O O-O
7. Bb2 Nc6 8. e3 b6 9. d4 Bb7 10. cxd5 Nxd5 11. Nc3 Nxc3
12. Bxc3 Rc8 13. dxc5 Bxc5 14. Ne5 Qe7 15. Qg4 f5 1/2-1/2

[Event "Phillips & Drew GLC Kings"]
[Site "London ENG"]
[Date "1984.04.27"]
[EventDate "1984.04.26"]
[Round "2"]
[Result "1/2-1/2"]
[White "Torre, Eugenio"]
[Black "Timman, Jan"]
[WhiteElo "2565"]
[BlackElo "2610"]
[PlyCount "84"]

1.d4 Nf6 2.Nf3 g6 3.Bg5 Bg7 4.Nbd2 c5 5.Bxf6 Bxf6 6.Ne4 Qb6
7.Nxf6+ Qxf6 8.c3 cxd4 9.Qxd4 Qxd4 10.Nxd4 Nc6 11.e3 d6 12.Be2
Bd7 13.O-O-O Rc8 14.g4 Ne5 15.Rhg1 a6 16.h4 b5 17.a3 h6 18.Rg3
Kf8 19.f4 Nc4 20.Rf1 a5 21.Bxc4 Rxc4 22.Kd2 e5 23.fxe5 dxe5
24.Nf3 Rc5 25.b4 Rd5+ 26.Kc2 Bc6 27.e4 Rd7 28.Nxe5 Bxe4+
29.Kc1 Re7 30.Nd3 axb4 31.axb4 Ra7 32.Rf4 Bd5 33.Rd4 Be6
34.Rd8+ Kg7 35.Rxh8 Kxh8 36.Kd2 Ra2+ 37.Ke3 Rh2 38.h5 g5
39.Ne5 Kg7 40.Nf3 Rc2 41.Kd3 Rf2 42.Ke3 Rc2 1/2-1/2

[Event "Phillips & Drew GLC Kings"]
[Site "London ENG"]
[Date "1984.04.29"]
[EventDate "1984.04.26"]
[Round "4"]
[Result "1/2-1/2"]
[White "Karpov, Anatoly"]
[Black "Polugaevsky, Lev"]
[WhiteElo "2700"]
[BlackElo "2615"]
[PlyCount "49"]

1. Nf3 Nf6 2. c4 c5 3. Nc3 Nc6 4. d4 cxd4 5. Nxd4 e6 6. Ndb5
d5 7. Bf4 e5 8. cxd5 exf4 9. dxc6 bxc6 10. Qxd8+ Kxd8 11. Rd1+
Bd7 12. Nd6 Bxd6 13. Rxd6 Rb8 14. Rd2 Re8 15. g3 f3 16. Kd1
fxe2+ 17. Bxe2 Kc7 18. Bc4 Bg4+ 19. Kc2 Re7 20. b3 Rd8
21. Rxd8 Kxd8 22. f4 Bf5+ 23. Kc1 Kc7 24. Nd1 Ne8 25. Kd2
1/2-1/2

[Event "Phillips & Drew GLC Kings"]
[Site "London ENG"]
[Date "1984.04.29"]
[EventDate "1984.04.26"]
[Round "4"]
[Result "1-0"]
[White "Mestel, Andrew Jonathan"]
[Black "Miles, Anthony John"]
[WhiteElo "2540"]
[BlackElo "2615"]
[PlyCount "63"]

1.Nf3 Nf6 2.c4 c5 3.Nc3 b6 4.e4 Bb7 5.e5 Ng8 6.d4 cxd4 7.Nxd4
g6 8.Bf4 Bg7 9.Qe2 Nc6 10.Nf3 Nh6 11.h4 Nf5 12.h5 O-O 13.O-O-O
Qc8 14.Nd5 d6 15.g4 dxe5 16.gxf5 exf4 17.fxg6 Bh6 18.gxf7 Kh8
19.Bh3 Qb8 20.Nxe7 Rxf7 21.Nc8 Bxc8 22.Qe8+ Rf8 23.Qxc6 Bxh3
24.Rxh3 Qc8 25.Qxh6 Qxc4+ 26.Kb1 Rac8 27.Nd4 f3 28.Rg3 Rf7
29.Qc1 Qa6 30.Qg5 Re8 31.Nc6 Qa4 32.Qe5+ 1-0

[Event "Phillips & Drew GLC Kings"]
[Site "London ENG"]
[Date "1984.05.01"]
[EventDate "1984.04.26"]
[Round "5"]
[Result "1-0"]
[White "Timman, Jan"]
[Black "Andersson, Ulf"]
[WhiteElo "2610"]
[BlackElo "2630"]
[PlyCount "82"]

1.e4 c5 2.Nf3 e6 3.d4 cxd4 4.Nxd4 Nc6 5.Nc3 a6 6.Be3 Nf6 7.Bd3
d5 8.exd5 exd5 9.O-O Bd6 10.Be2 h6 11.Re1 O-O 12.Bf3 Re8 13.h3
Bc7 14.Nde2 Be6 15.Nf4 Bxf4 16.Bxf4 Qb6 17.Qd2 Rad8 18.Na4 Qd4
19.Nc3 Qxd2 20.Bxd2 Nb4 21.Rac1 Bf5 22.Rxe8+ Rxe8 23.Ne2 Nxc2
24.Bc3 Rd8 25.g4 Bh7 26.Nd4 Nxd4 27.Bxd4 Be4 28.Be2 Ne8 29.f3
Bg6 30.Kf2 f6 31.a4 Kf7 32.b4 Ke6 33.f4 Be4 34.b5 axb5 35.f5+
Ke7 36.Bxb5 Kf7 37.Bb6 Ra8 38.Bd7 g6 39.a5 Kg8 40.fxg6 Bxg6
41.Rc8 Rxc8 1-0

[Event "Phillips & Drew GLC Kings"]
[Site "London ENG"]
[Date "1984.05.02"]
[EventDate "1984.04.26"]
[Round "6"]
[Result "1/2-1/2"]
[White "Ribli, Zoltan"]
[Black "Seirawan, Yasser"]
[WhiteElo "2610"]
[BlackElo "2525"]
[PlyCount "83"]

1.Nf3 d5 2.g3 Nf6 3.Bg2 Bf5 4.c4 c6 5.cxd5 cxd5 6.Qb3 Qb6
7.Qxb6 axb6 8. Nc3 Nc6 9.d3 e5 10.Bd2 h6 11.a3 Bc5 12.O-O e4
13.Nh4 Bh7 14.b4 Bd6 15.f4 Nd4 16.Ra2 exd3 17.exd3 Nb3 18.Nb5
Kd7 19.Rd1 Nxd2 20.Bh3+ Ke7 21.Raxd2 Rhd8 22.Kf2 g5 23.fxg5
hxg5 24.Nf5+ Bxf5 25.Bxf5 Ne8 26.Rc2 Kf8 27.Kf3 Be7 28.Rdc1
Nd6 29.Nxd6 Bxd6 30.Rc8 Ke7 31.Rxd8 Kxd8 32.Rc3 Be5 33.d4 Bxd4
34. Rd3 Bf6 35.Rxd5+ Ke8 36.Rd3 Rd8 37.Re3+ Kf8 38.Be4 Rd2
39.Re2 Rxe2 40.Kxe2 Bb2 41.a4 Bc3 42.b5 1/2-1/2

[Event "Phillips & Drew GLC Kings"]
[Site "London ENG"]
[Date "1984.05.05"]
[EventDate "1984.04.26"]
[Round "8"]
[Result "1/2-1/2"]
[White "Andersson, Ulf"]
[Black "Miles, Anthony John"]
[WhiteElo "2630"]
[BlackElo "2615"]
[PlyCount "63"]

1.c4 e5 2.Nc3 Nf6 3.Nf3 Nc6 4.g3 Bb4 5.Bg2 O-O 6.O-O d6 7.Nd5
Bc5 8.d3 Nxd5 9.cxd5 Nd4 10.Nxd4 exd4 11.Bd2 a5 12.e3 dxe3
13.Bxe3 Bb6 14.Rc1 Re8 15.Bxb6 cxb6 16.Qa4 Bf5 17.Qd4 Rc8
18.h4 Rc5 19.Rce1 Rf8 20.Re3 Bd7 21.Rfe1 Qf6 22.Qxf6 gxf6
23.Re7 Bc8 24.Bf3 Kg7 25.Kg2 f5 26.d4 Rc4 27.b3 Rc3 28.R7e3
Rc2 29.R1e2 Rc1 30.Re1 Rc2 31.R1e2 Rc1 32.Re1 1/2-1/2

[Event "Phillips & Drew GLC Kings"]
[Site "London ENG"]
[Date "1984.05.05"]
[EventDate "1984.04.26"]
[Round "8"]
[Result "1/2-1/2"]
[White "Torre, Eugenio"]
[Black "Seirawan, Yasser"]
[WhiteElo "2565"]
[BlackElo "2525"]
[PlyCount "152"]

1.d4 d5 2.Nf3 Nf6 3.c4 dxc4 4.Nc3 c5 5.d5 e6 6.e4 exd5 7.e5
Nfd7 8.Qxd5 Nb6 9.Qxd8+ Kxd8 10.Bg5+ Ke8 11.O-O-O Be7 12.Nb5
Na6 13.Bxe7 Kxe7 14.Nd6 Nb4 15.a3 Nc6 16.Nxc4 Nxc4 17.Bxc4 Be6
18.Bd5 Bxd5 19.Rxd5 b6 20.Rd6 Rac8 21.Re1 Rhd8 22.Rd2 h6
23.Rde2 Ke6 24.Nd2 Nd4 25.Re3 c4 26.Kb1 Nf5 27.R3e2 c3 28.Nf3
cxb2 29.Kxb2 Nd4 30.Nxd4+ Rxd4 31.g3 g5 32.Rc2 Rxc2+ 33.Kxc2
Kf5 34.Re3 Rd7 35.Kc3 g4 36.f4 gxf3 37.Rxf3+ Ke4 38.Rf4+ Kxe5
39.Rh4 Rd6 40.Kc4 a6 41.Kc3 Kd5 42.Ra4 Rc6+ 43.Kb3 b5 44.Rh4
a5 45.Kb2 Re6 46.Kc3 Kc5 47.Rf4 Re3+ 48.Kb2 Re5 49.Kc3 Re3+
50.Kb2 Re2+ 51.Kc3 a4 52.Rxf7 Kb6 53.Rf6+ Ka5 54.Rf8 Ra2
55.Ra8+ Kb6 56.Rb8+ Ka6 57.Kb4 Rb2+ 58.Kc5 Rc2+ 59.Kd4 Rxh2
60.Ra8+ Kb7 61.Rh8 Kc6 62.Rc8+ Kd6 63.Rd8+ Ke6+ 64.Rb8 Kf5
65.Rxb5+ Kg4 66.Ra5 Kxg3 67.Ke3 Rh4 68.Ra6 h5 69.Ra5 Rh1
70.Rxa4 h4 71.Ra8 Re1+ 72.Kd2 Rg1 73.Ke2 h3 74.Rg8+ Kh2 75.Rf8
Rg3 76.Kf2 Rxa3 1/2-1/2

[Event "Phillips & Drew GLC Kings"]
[Site "London ENG"]
[Date "1984.05.11"]
[EventDate "1984.04.26"]
[Round "13"]
[Result "1/2-1/2"]
[White "Vaganian, Rafael"]
[Black "Speelman, Jonathan Simon"]
[WhiteElo "2630"]
[BlackElo "2495"]
[PlyCount "118"]

1.d4 Nf6 2.Nf3 e6 3.c4 d5 4.Bg5 Be7 5.Nc3 O-O 6.e3 Nbd7 7.Rc1
a6 8.c5 c6 9.Bd3 e5 10.dxe5 Ne8 11.Bf4 Nxc5 12.Bb1 Bg4 13.h3
Bh5 14.g4 Bg6 15.Bf5 Nc7 16.h4 h5 17.Nd4 N7e6 18.Kf1 Nxd4
19.exd4 Ne6 20.Be3 c5 21.Bxe6 fxe6 22.gxh5 Bf5 23.h6 c4
24.hxg7 Rf7 25.Rg1 Rxg7 26.Rxg7+ Kxg7 27.Qf3 Qf8 28.Qg3+ Kf7
29.Ke2 Qh8 30.Bg5 Rg8 31.Rg1 b5 32.Qf4 Ke8 33.a3 Qh7 34.Rg3
Rf8 35.Bf6 Qf7 36.Ke1 Bd3 37.Rf3 Qh5 38.Ne4 b4 39.Ng3 bxa3
40.bxa3 Qh7 41.Qd2 Kd7 42.Qb2 Kc7 43.Qc3 Kd7 44.Qb2 Kc7
45.Bxe7 Qxe7 46.Rxf8 Qxf8 47.Qc1 Qf3 48.Qe3 Qg2 49.Kd2 Qg1
50.Qf3 Qb1 51.Qf7+ Kb8 52.Qf8+ Ka7 53.Qc5+ Ka8 54.Qc8+ Ka7
55.Qd7+ Ka8 56.Qe8+ Ka7 57.Qd7+ Ka8 58.Qe8+ Ka7 59.Qd7+ Ka8
1/2-1/2